Studies on the Physico-chemical properties of rubber (Hevea brasiliensis) seed oil and identification of different higher fatty acids of the oil and analysis of the seed cake (Record no. 47367)

MARC details
000 -LEADER
fixed length control field 01090nam a2200133Ia 4500
100 ## - MAIN ENTRY--AUTHOR NAME
Personal name Majumder S M Mahbub-Ul-Haque
245 #0 - TITLE STATEMENT
Title Studies on the Physico-chemical properties of rubber (Hevea brasiliensis) seed oil and identification of different higher fatty acids of the oil and analysis of the seed cake
520 ## - SUMMARY, ETC.
Summary, etc The rubber seed oil (RSO) extracted from dried seeds using petroleum ether contain a high level of unsaturation as revealed form codine number and refractive index. The viscosity and the energies of activation for flow of rubber seed oil are close to that of olive oil and soyabean oil. The fatty acids of oil seperated by acid hydrolysis followed by urea complex formation shows the prescence of about 85;unsaturated fatty acids, of which the major constituent is oleic acid. The seed cake obtained after removal of oil is a rich source of protein which can be used as cattle feed after purification.
650 ## - SUBJECT ADDED ENTRY--TOPICAL TERM
Topical Term Physico chemical properties
650 ## - SUBJECT ADDED ENTRY--TOPICAL TERM
Topical Term Rubber seed cake
650 ## - SUBJECT ADDED ENTRY--TOPICAL TERM
Topical Term Rubber seed oil
942 ## - ADDED ENTRY ELEMENTS (KOHA)
Koha item type Bibliography RLSE
Holdings
Withdrawn status Lost status Damaged status Not for loan Home library Current library Date acquired Koha item type
      Bibliography RRII Library RRII Library 31/12/2021 Bibliography RLSE